Fundamentals of classical thermodynamics (Record no. 14470)

000 -LEADER
fixed length control field 00490nam a22001937a 4500
001 - CONTROL NUMBER
control field 14470
003 - CONTROL NUMBER IDENTIFIER
control field BD-DhUET
008 - FIXED-LENGTH DATA ELEMENTS--GENERAL INFORMATION
fixed length control field 150308b xxu||||| |||| 00| 0 eng d
040 ## - CATALOGING SOURCE
Transcribing agency 0
Modifying agency BD-DhUET
082 ## - DEWEY DECIMAL CLASSIFICATION NUMBER
Classification number 536.7
Item number VAN/1985
100 ## - MAIN ENTRY--PERSONAL NAME
Personal name Van Wylen, Gordon J.
245 ## - TITLE STATEMENT
Title Fundamentals of classical thermodynamics
250 ## - EDITION STATEMENT
Edition statement 3rd ed.
260 ## - PUBLICATION, DISTRIBUTION, ETC. (IMPRINT)
Place of publication, distribution, etc. New York
Name of publisher, distributor, etc. John Wiley & Sons
Date of publication, distribution, etc. 1985
300 ## - PHYSICAL DESCRIPTION
Extent xiv, 722 p.
650 #0 - SUBJECT ADDED ENTRY--TOPICAL TERM
Topical term or geographic name as entry element Thermodynamics
700 ## - ADDED ENTRY--PERSONAL NAME
Personal name Sonntag, Richard E.
942 ## - ADDED ENTRY ELEMENTS (KOHA)
Koha item type General Book
Holdings
Source of classification or shelving scheme Location (home branch) Koha item type Copy number Lost status Damaged status Price effective from Not for loan Koha normalized classification for sorting Piece designation (barcode) Koha date last seen Date acquired Koha date last borrowed Koha full call number Koha issues (times borrowed) Withdrawn status Shelving location Sublocation or collection (holding branch)
 Central Library, BUETGeneral Book1  2015-03-08 536_700000000000000_VAN_1985685882025-06-232015-03-082025-05-26536.7/VAN/19852 Circulation sectionCentral Library, BUET
 Central Library, BUETGeneral Book2  2015-03-10 536_700000000000000_VAN_1985685902023-05-082015-03-102023-04-30536.7/VAN/19854 Circulation sectionCentral Library, BUET
 Central Library, BUETGeneral Book3  2015-03-10 536_700000000000000_VAN_1985685922023-12-112015-03-102023-12-02536.7/VAN/19852 Circulation sectionCentral Library, BUET
 Central Library, BUETGeneral Book4  2015-03-16 536_700000000000000_VAN_1985685892024-02-182015-03-162023-12-02536.7/VAN/19852 Circulation sectionCentral Library, BUET